[Event "Summer Prague Open 2019 - B"]
[Site "Olympik hotel, Sokolovska 138,"]
[Date "2019.08.04"]
[Round "4"]
[White "Kastner, Oldrich"]
[Black "Vora, Tanish"]
[Result "1/2-1/2"]
[WhiteElo "2033"]
[BlackElo "1799"]
[PlyCount "213"]
[EventDate "2019.08.02"]

1. Nf3 Nf6 2. c4 c5 3. Nc3 g6 4. e4 Nc6 5. d4 cxd4 6. Nxd4 Bg7 7. Nc2 O-O 8.
Be3 d6 9. Be2 Bd7 10. O-O Qc7 11. Rc1 Ne5 12. b3 Bc6 13. f3 Bd7 14. Qd2 a6 15.
Rfd1 Rac8 16. Nd4 Rfd8 17. Bf1 Qb8 18. Qf2 Nc6 19. Nde2 Re8 20. Bb6 Be6 21. Nf4
Bh6 22. Be3 Nd7 23. h4 Nf8 24. h5 gxh5 25. Kh1 Bxf4 26. Bxf4 Ng6 27. Bg3 Qa7
28. Qe1 Qc5 29. Nd5 Qa5 30. Qf2 Qc5 31. Qxc5 dxc5 32. Nc7 Red8 33. Nxe6 fxe6
34. Bf2 Nd4 35. Be3 e5 36. Rd2 Rc7 37. g3 Rcd7 38. Bh3 Rd6 39. f4 exf4 40. gxf4
Nh4 41. Bf2 Ng6 42. e5 Rb6 43. Bg3 Rf8 44. Rf1 e6 45. Bg2 a5 46. Be4 Nxe5 47.
f5 exf5 48. Bxb7 Rxb7 49. Bxe5 Rd7 50. Rg2+ Kf7 51. Bxd4 cxd4 52. Rxf5+ Ke8 53.
Re2+ Re7 54. Rxe7+ Kxe7 55. Re5+ Kf6 56. Rd5 Rb8 57. Rxd4 a4 58. Rd3 axb3 59.
axb3 Ke5 60. Kg2 Ke4 61. Rh3 Kd4 62. Kf2 Kc5 63. Rxh5+ Kb4 64. Ke3 Re8+ 65. Kd4
Rd8+ 66. Rd5 Rb8 67. Ke5 Kc3 68. Rb5 Rg8 69. c5 h5 70. c6 Rg5+ 71. Kd6 Rxb5 72.
c7 Kxb3 73. c8=Q Kb4 74. Qc2 Ka3 75. Kc6 Rb2 76. Qc3+ Rb3 77. Qa5+ Kb2 78. Qd2+
Ka3 79. Kc5 h4 80. Kc4 h3 81. Qc1+ Ka2 82. Qc2+ Rb2 83. Qa4+ Kb1 84. Qd1+ Ka2
85. Kc3 h2 86. Qd5+ Kb1 87. Qd1+ Ka2 88. Qc1 Rb3+ 89. Kc2 Rb4 90. Qf1 Rb2+ 91.
Kc3 Rb3+ 92. Kc4 Rb2 93. Qd1 Rf2 94. Qa4+ Kb1 95. Qb4+ Rb2 96. Qe1+ Ka2 97. Qd1
Rf2 98. Qa4+ Kb1 99. Qb3+ Rb2 100. Qd1+ Ka2 101. Kc3 Rf2 102. Qa4+ Kb1 103.
Qe4+ Ka2 104. Qa4+ Kb1 105. Qe4+ Ka2 106. Qe3 Rb2 107. Qc1 1/2-1/2

[Event "Summer Prague Open 2019 - B"]
[Site "Olympik hotel, Sokolovska 138,"]
[Date "2019.08.04"]
[Round "4"]
[White "Soural, Karel"]
[Black "Trefilik, Jiri"]
[Result "1-0"]
[WhiteElo "1923"]
[BlackElo "1529"]
[PlyCount "41"]
[EventDate "2019.08.02"]

1. e4 e5 2. Nf3 Nc6 3. Bc4 Bc5 4. d3 Nf6 5. Nc3 d6 6. h3 Be6 7. Bb3 a6 8. Be3
Nd4 9. Bxd4 exd4 10. Ne2 Bb4+ 11. c3 dxc3 12. bxc3 Bc5 13. Bxe6 fxe6 14. Qb3
Qc8 15. Ng5 O-O 16. Qxe6+ Qxe6 17. Nxe6 Bxf2+ 18. Kxf2 Nxe4+ 19. Ke3 Rae8 20.
Nxf8 Ng3+ 21. Kf3 1-0

[Event "Summer Prague Open 2019 - B"]
[Site "Olympik hotel, Sokolovska 138,"]
[Date "2019.08.04"]
[Round "4"]
[White "Lang, Anders"]
[Black "Jaeger, Andre"]
[Result "0-1"]
[WhiteElo "1790"]
[BlackElo "1897"]
[PlyCount "98"]
[EventDate "2019.08.02"]

1. e4 c5 2. c3 Nf6 3. e5 Nd5 4. Nf3 d6 5. d4 cxd4 6. cxd4 Nc6 7. Bc4 Nb6 8. Bb3
d5 9. h3 Bf5 10. Nc3 e6 11. a3 Be7 12. O-O O-O 13. Qe2 a6 14. Be3 Na5 15. Bc2
Bxc2 16. Qxc2 Nac4 17. Nd2 Rc8 18. Nxc4 Nxc4 19. b4 b5 20. Qb3 Rc6 21. Ne2 Qc7
22. Rfc1 Rc8 23. Rc3 Nxe5 24. dxe5 Rxc3 25. Nxc3 Qxc3 26. Qxc3 Rxc3 27. Rc1
Rxc1+ 28. Bxc1 Bd8 29. Be3 Kf8 30. Kf1 Ke8 31. Ke2 Kd7 32. Kd3 Kc6 33. f4 f6
34. Bd4 f5 35. g3 g5 36. Be3 h6 37. g4 gxf4 38. Bxf4 Bg5 39. Be3 Bxe3 40. Kxe3
fxg4 41. hxg4 Kd7 42. Kd4 Ke7 43. Kc5 Kf7 44. Kb6 d4 45. Kxa6 d3 46. Kxb5 d2
47. a4 d1=Q 48. a5 Qd3+ 49. Ka4 Qc4 0-1

[Event "Summer Prague Open 2019 - B"]
[Site "Olympik hotel, Sokolovska 138,"]
[Date "2019.08.04"]
[Round "4"]
[White "Stern, Philipp"]
[Black "Aure, Anders Nilsson"]
[Result "1/2-1/2"]
[WhiteElo "1853"]
[BlackElo "1742"]
[PlyCount "101"]
[EventDate "2019.08.02"]

1. e4 c5 2. Nf3 d6 3. d4 cxd4 4. Nxd4 Nf6 5. Nc3 g6 6. Be3 Bg7 7. f3 O-O 8. Qd2
Nc6 9. O-O-O Nxd4 10. Bxd4 Be6 11. Kb1 Qc7 12. g4 Rfc8 13. h4 Qa5 14. h5 Rxc3
15. Qxc3 Qxa2+ 16. Kc1 Bh6+ 17. Be3 Rc8 18. Qd4 Bxe3+ 19. Qxe3 Qa1+ 20. Kd2
Qxb2 21. Bd3 Qc3+ 22. Ke2 a5 23. Rb1 Bc4 24. Qd2 Qd4 25. hxg6 fxg6 26. Qe3
Bxd3+ 27. Qxd3 Qxd3+ 28. Kxd3 Nd7 29. f4 Nc5+ 30. Ke3 a4 31. Rb5 Ra8 32. e5 Ra6
33. exd6 exd6 34. Kd4 a3 35. Kc3 Na4+ 36. Kb3 a2 37. Ra1 Nc5+ 38. Kc4 Ne6 39.
f5 gxf5 40. gxf5 Ng7 41. Kb3 Kf7 42. Rxb7+ Kf6 43. Rxa2 Rxa2 44. Kxa2 h5 45.
Kb3 Nxf5 46. Kc4 Ke5 47. Kd3 h4 48. c4 Kf4 49. Rh7 Ke5 50. Rh8 Kf4 51. Rh7
1/2-1/2

[Event "Summer Prague Open 2019 - B"]
[Site "Olympik hotel, Sokolovska 138,"]
[Date "2019.08.04"]
[Round "4"]
[White "Lee, Zhia Chen Zachary"]
[Black "Angelovic, Adrian"]
[Result "1-0"]
[WhiteElo "1747"]
[BlackElo "1841"]
[PlyCount "69"]
[EventDate "2019.08.02"]

1. c4 e5 2. g3 Nf6 3. Bg2 d5 4. cxd5 Nxd5 5. Nc3 Be6 6. Nf3 Nc6 7. O-O Be7 8.
d3 h6 9. a3 Qd7 10. Nxd5 Bxd5 11. b4 Bf6 12. Bb2 O-O-O 13. b5 Nd4 14. Bxd4 exd4
15. Qa4 Kb8 16. Rab1 c5 17. bxc6 Bxc6 18. Qa5 Rhe8 19. Rfc1 Rc8 20. Rc2 Bd8 21.
Qc5 Bf6 22. Qa5 Ka8 23. Rcb2 Bd8 24. Qb4 Bb6 25. a4 Bd5 26. Ne1 Bxg2 27. Kxg2
Bc5 28. Qxb7+ Qxb7+ 29. Rxb7 Rxe2 30. Rxf7 Rb8 31. Rc1 Bb6 32. Nf3 Ra2 33. Rc4
Ra3 34. Nxd4 Rxd3 35. Nc6 1-0

[Event "Summer Prague Open 2019 - B"]
[Site "Olympik hotel, Sokolovska 138,"]
[Date "2019.08.04"]
[Round "4"]
[White "Vora, Yash"]
[Black "Klimek, Petr"]
[Result "1/2-1/2"]
[WhiteElo "1731"]
[BlackElo "1852"]
[PlyCount "55"]
[EventDate "2019.08.02"]

1. e4 e6 2. d4 d5 3. e5 c5 4. c3 Qb6 5. Nf3 Bd7 6. a3 Nc6 7. b4 cxd4 8. cxd4 f6
9. Bd3 f5 10. Bb2 Nge7 11. O-O g6 12. Nbd2 Bg7 13. Nb3 h6 14. Nfd2 O-O 15. Nc5
Qc7 16. f4 b6 17. Ncb3 a6 18. Kh1 Nd8 19. Rc1 Qb7 20. Qe2 Nf7 21. Rc2 g5 22. g3
g4 23. Rfc1 Rfc8 24. Rxc8+ Bxc8 25. Nf1 h5 26. Qc2 Ra7 27. Ne3 Bd7 28. Nd2
1/2-1/2

[Event "Summer Prague Open 2019 - B"]
[Site "Olympik hotel, Sokolovska 138,"]
[Date "2019.08.04"]
[Round "4"]
[White "Svetly, Jiri"]
[Black "Morgan, George"]
[Result "1-0"]
[WhiteElo "1871"]
[BlackElo "1643"]
[PlyCount "48"]
[EventDate "2019.08.02"]

1. d4 Nf6 2. c4 e6 3. Nc3 Bb4 4. Qc2 O-O 5. Bg5 h6 6. Bh4 b6 7. e4 g5 8. Bg3
Bxc3+ 9. bxc3 Bb7 10. Bd3 d6 11. Ne2 Nbd7 12. f4 Ng4 13. fxg5 hxg5 14. h3 Ne3
15. Qd2 Nxc4 16. Bxc4 Bxe4 17. Rh2 Qe7 18. h4 f6 19. O-O-O Kg7 20. Kb2 b5 21.
Bd3 Bxd3 22. Qxd3 b4 23. c4 a5 24. hxg5 fxg5 1-0

[Event "Summer Prague Open 2019 - B"]
[Site "Olympik hotel, Sokolovska 138,"]
[Date "2019.08.04"]
[Round "4"]
[White "Havlis, Dominik"]
[Black "Pinkas, Jiri"]
[Result "1/2-1/2"]
[WhiteElo "1654"]
[BlackElo "1845"]
[PlyCount "44"]
[EventDate "2019.08.02"]

1. e4 d6 2. d4 Nf6 3. Nc3 g6 4. Bg5 c6 5. Nf3 Nbd7 6. Qd2 Qc7 7. O-O-O b5 8. e5
dxe5 9. dxe5 b4 10. exf6 bxc3 11. Qxc3 Nxf6 12. Bxf6 Qf4+ 13. Kb1 Qxf6 14. Qxf6
exf6 15. Nd4 Bb7 16. Bc4 Rd8 17. Rhe1+ Be7 18. Rd2 Rd7 19. Rde2 Kd8 20. Bxf7
Bb4 21. c3 Bxc3 22. bxc3 Rxf7 1/2-1/2

[Event "Summer Prague Open 2019 - A"]
[Site "Olympik hotel, Sokolovska 138,"]
[Date "2019.08.05"]
[Round "5"]
[White "Koustav, Chatterjee"]
[Black "Barua, Dibyendu"]
[Result "1/2-1/2"]
[WhiteElo "2429"]
[BlackElo "2379"]
[PlyCount "128"]
[EventDate "2019.08.02"]

1. d4 d5 2. c4 e6 3. Nc3 Nf6 4. Nf3 c6 5. e3 a6 6. b3 b5 7. Bd3 Nbd7 8. O-O Be7
9. Bb2 bxc4 10. bxc4 Qa5 11. c5 O-O 12. Qc2 g6 13. e4 dxe4 14. Nxe4 Nd5 15. a3
Qc7 16. Rfe1 a5 17. Bc1 Ba6 18. Bxa6 Rxa6 19. Bg5 Bxg5 20. Nfxg5 Qf4 21. Qe2
Raa8 22. g3 Qf5 23. h4 Rab8 24. Nd6 Qf6 25. Qd2 e5 26. Nge4 Qg7 27. dxe5 Nxe5
28. Kg2 a4 29. Qd4 h6 30. Nd2 Nd7 31. Qxa4 Qb2 32. N6c4 Qd4 33. Rad1 Qxc5 34.
Ne4 Qb5 35. Qc2 Qb3 36. Qc1 N7f6 37. Nxf6+ Nxf6 38. Na5 Qb2 39. Qf4 Kg7 40.
Nxc6 Rb3 41. Nd4 Rbb8 42. Re3 Qb7+ 43. Qf3 Rfd8 44. Rb3 Qa6 45. Rc1 Rdc8 46.
Rxc8 Qxc8 47. Rc3 Qe8 48. Rc6 Qe5 49. Ne2 h5 50. Rc2 Ng4 51. Nf4 Qa1 52. Nd5
Qd4 53. Nb4 Qa1 54. Ra2 Qd4 55. Re2 Rb5 56. Qb3 Qb6 57. Qc3+ Kh7 58. Qb3 Rf5
59. f3 Re5 60. Qd3 Ne3+ 61. Kh1 Qc5 62. Nc2 Nxc2 63. Qxc2 Qxa3 64. Kg2 Rxe2+
1/2-1/2

[Event "Summer Prague Open 2019 - A"]
[Site "Olympik hotel, Sokolovska 138,"]
[Date "2019.08.05"]
[Round "5"]
[White "Qashashvili, Alexandre"]
[Black "Adrian, Claude"]
[Result "1/2-1/2"]
[WhiteElo "2497"]
[BlackElo "2258"]
[PlyCount "26"]
[EventDate "2019.08.02"]

1. e4 e6 2. Nf3 d5 3. e5 c5 4. b4 cxb4 5. a3 Nc6 6. d4 f6 7. Bd3 fxe5 8. dxe5
Qc7 9. O-O Nxe5 10. Bf4 Nxf3+ 11. Qxf3 Bd6 12. Qh5+ Kf8 13. Bxd6+ Qxd6 1/2-1/2

[Event "Summer Prague Open 2019 - A"]
[Site "Olympik hotel, Sokolovska 138,"]
[Date "2019.08.05"]
[Round "5"]
[White "Thakur, Akash"]
[Black "Ondersteijn, Niels"]
[Result "1-0"]
[WhiteElo "2273"]
[BlackElo "2397"]
[PlyCount "83"]
[EventDate "2019.08.02"]

1. e4 e5 2. Nf3 d6 3. d4 exd4 4. Nxd4 Nf6 5. Nc3 Be7 6. Be2 O-O 7. O-O Re8 8.
Re1 Bf8 9. Bf1 Nbd7 10. Bg5 c6 11. Qd2 h6 12. Bh4 Ne5 13. f3 g5 14. Bf2 Nh5 15.
Rad1 Qf6 16. Nce2 Bd7 17. Ng3 Nf4 18. Be3 h5 19. Ndf5 h4 20. Bxf4 gxf4 21. Ne2
Bxf5 22. exf5 d5 23. Kh1 Nc4 24. Qxf4 Ne3 25. Ng3 Nxd1 26. Nh5 Qh6 27. Qxh6
Bxh6 28. Nf6+ Kf8 29. Nxe8 Ne3 30. Nf6 Nxc2 31. Nd7+ Kg8 32. Re7 Bg5 33. f6 Rd8
34. f4 Bxf4 35. Bd3 Ne3 36. Bg6 Ng4 37. Bxf7+ Kh8 38. Bg6 Nh6 39. Rh7+ Kg8 40.
f7+ Nxf7 41. Nf6+ Kf8 42. Rxf7# 1-0

[Event "Summer Prague Open 2019 - A"]
[Site "Olympik hotel, Sokolovska 138,"]
[Date "2019.08.05"]
[Round "5"]
[White "Kulhanek, Tomas"]
[Black "Hjelmas, Lars"]
[Result "1/2-1/2"]
[WhiteElo "2342"]
[BlackElo "2240"]
[PlyCount "42"]
[EventDate "2019.08.02"]

1. e4 e6 2. d4 d5 3. e5 c5 4. c3 Qb6 5. Nf3 Nc6 6. Be2 Bd7 7. O-O Nge7 8. Na3
cxd4 9. cxd4 Nf5 10. Nc2 Be7 11. g4 Nh4 12. Nxh4 Bxh4 13. f4 Be7 14. Kh1 Na5
15. b3 Bb5 16. Ba3 Bxe2 17. Qxe2 Bxa3 18. Nxa3 a6 19. Qd3 h5 20. g5 Nc6 21.
Rfd1 g6 1/2-1/2

[Event "Summer Prague Open 2019 - A"]
[Site "Olympik hotel, Sokolovska 138,"]
[Date "2019.08.05"]
[Round "5"]
[White "Toman, Ondrej"]
[Black "Lyrberg, Patrik"]
[Result "0-1"]
[WhiteElo "2235"]
[BlackElo "2457"]
[Annotator "Stanice"]
[PlyCount "86"]
[EventDate "2019.08.02"]

1. d4 d6 2. Bf4 g6 3. e4 Bg7 4. Nc3 c6 5. Nf3 Bg4 6. Be2 Qb6 7. e5 Qxb2 8. Bd2
Bxf3 9. Bxf3 Qb6 10. exd6 Qxd4 11. Rb1 Qxd6 12. Rxb7 Nf6 13. Be3 $11 Qa3 14.
Rb3 Qa5 15. O-O O-O 16. Nb5 a6 17. Na3 Nd5 18. Nc4 Nxe3 19. Nxa5 Nxd1 20. Rxd1
Ra7 21. Nxc6 Nxc6 22. Bxc6 $11 Rc7 23. Rb6 a5 24. Kf1 Rfc8 25. Ba4 Bc3 26. Rd7
Rc4 27. Bb3 Re4 28. f3 Re1+ 29. Kf2 Rc5 30. Rd3 Rh1 31. h3 Be1+ 32. Ke2 Bb4 33.
f4 g5 34. fxg5 Rxg5 35. c3 Bd6 36. Bd5 Re5+ 37. Kd2 Ree1 38. Rc6 Rb1 39. Rd4 h5
40. Rc8+ Kg7 41. Ra8 e5 42. Rd3 e4 43. Bxe4 Bf4+ 0-1

[Event "Summer Prague Open 2019 - A"]
[Site "Olympik hotel, Sokolovska 138,"]
[Date "2019.08.05"]
[Round "5"]
[White "Dushyant, Sharma"]
[Black "Plischki, Sebastian"]
[Result "1-0"]
[WhiteElo "2228"]
[BlackElo "2391"]
[PlyCount "93"]
[EventDate "2019.08.02"]

1. e4 e5 2. Nf3 Nc6 3. Nc3 Nf6 4. Bb5 Bb4 5. O-O O-O 6. d3 Bxc3 7. bxc3 d6 8.
Bg5 h6 9. Bh4 Bd7 10. d4 Re8 11. Re1 a6 12. Bd3 Bg4 13. d5 Nb8 14. h3 Bxf3 15.
Qxf3 Nbd7 16. Rab1 Nc5 17. Qf5 Qd7 18. Qf3 Nh7 19. Bg3 Nf8 20. Qe3 Qe7 21. f4
exf4 22. Qxf4 Ng6 23. Qf2 Ne5 24. Qd4 Qg5 25. Kh2 f5 26. exf5 Nexd3 27. cxd3
Qxf5 28. Rf1 Qg6 29. Rf3 Re2 30. Bf2 Rae8 31. Rg3 Qf7 32. Be3 Kh7 33. Rf1 Qe7
34. Bxh6 gxh6 35. Qg4 Qg5 36. Rf7+ Kh8 37. Qd4+ Qe5 38. Qh4 h5 39. Rf6 Kh7 40.
Rf7+ Kh6 41. Rf6+ Kh7 42. d4 Rxg2+ 43. Kxg2 Qxd5+ 44. Rgf3 Qxa2+ 45. Rf2 Qd5+
46. Kh2 Ne4 47. R6f5 1-0

[Event "Summer Prague Open 2019 - A"]
[Site "Olympik hotel, Sokolovska 138,"]
[Date "2019.08.05"]
[Round "5"]
[White "Yagupov, Igor"]
[Black "Fuchs, Georg"]
[Result "1-0"]
[WhiteElo "2370"]
[BlackElo "2215"]
[PlyCount "65"]
[EventDate "2019.08.02"]

1. Nf3 d5 2. d4 Nf6 3. c4 e6 4. Nc3 Be7 5. Bf4 O-O 6. e3 b6 7. cxd5 exd5 8. Be2
Bb7 9. O-O a6 10. Rc1 c5 11. dxc5 bxc5 12. Qb3 Ra7 13. Rfd1 Qa5 14. Ne5 c4 15.
Qa4 Qxa4 16. Nxa4 Ne4 17. Bf3 f6 18. Nxc4 dxc4 19. Bxb8 Rxb8 20. Rd7 Nc5 21.
Rxe7 Kf8 22. Nxc5 Kxe7 23. Nxb7 Rbxb7 24. Bxb7 Rxb7 25. Rc2 Kd6 26. Kf1 Kd5 27.
Ke2 f5 28. Rd2+ Kc5 29. Kd1 g6 30. Kc2 Kb4 31. Rd5 Re7 32. a3+ Ka4 33. Rc5 1-0

[Event "Summer Prague Open 2019 - A"]
[Site "Olympik hotel, Sokolovska 138,"]
[Date "2019.08.05"]
[Round "5"]
[White "Singh, S. Vikramjit"]
[Black "Vavra, Pavel"]
[Result "0-1"]
[WhiteElo "2185"]
[BlackElo "2347"]
[PlyCount "74"]
[EventDate "2019.08.02"]

1. d4 e6 2. c4 b6 3. e4 Bb7 4. Bd3 Bb4+ 5. Bd2 Qe7 6. a3 Bxd2+ 7. Nxd2 c5 8.
Ngf3 d6 9. e5 cxd4 10. exd6 Qxd6 11. Ne4 Qf4 12. g3 Qc7 13. Nxd4 a6 14. O-O Nc6
15. Nxc6 Qxc6 16. c5 Rd8 17. Rc1 Ne7 18. f3 O-O 19. b4 Nf5 20. Qe2 Qd5 21. Bb1
bxc5 22. Rxc5 Qd4+ 23. Qf2 Qd7 24. Rfc1 Qa4 25. Ra5 Rd1+ 26. Kg2 Qb3 27. Rxd1
Ne3+ 28. Kh3 Nxd1 29. Qc2 Qxc2 30. Bxc2 Ne3 31. Bd3 f5 32. Bxa6 Bd5 33. Nc3 Rf6
34. g4 fxg4+ 35. fxg4 Rf3+ 36. Kh4 Ng2+ 37. Kg5 h6+ 0-1

[Event "Summer Prague Open 2019 - A"]
[Site "Olympik hotel, Sokolovska 138,"]
[Date "2019.08.05"]
[Round "5"]
[White "Brejnik, Gustav"]
[Black "Domogaev, Sergey"]
[Result "1/2-1/2"]
[WhiteElo "2190"]
[BlackElo "2336"]
[PlyCount "48"]
[EventDate "2019.08.02"]

1. d4 Nf6 2. c4 e6 3. g3 d5 4. Nf3 Bb4+ 5. Bd2 Be7 6. Bg2 O-O 7. O-O Nbd7 8.
Qc2 Ne4 9. Bf4 c6 10. Nfd2 g5 11. Nxe4 gxf4 12. Ned2 fxg3 13. hxg3 f5 14. Bh3
Nf6 15. cxd5 cxd5 16. Nc3 Bd7 17. Nf3 Bd6 18. e3 Qe7 19. Rfc1 Qg7 20. Ne2 Qh6
21. Bg2 Ng4 22. Nf4 Kh8 23. Qb3 Qg7 24. Rc2 Rac8 1/2-1/2

[Event "Summer Prague Open 2019 - A"]
[Site "Olympik hotel, Sokolovska 138,"]
[Date "2019.08.05"]
[Round "5"]
[White "Chmel, Kristian"]
[Black "Serrano Salvador, Eduardo"]
[Result "0-1"]
[WhiteElo "2119"]
[BlackElo "2306"]
[PlyCount "112"]
[EventDate "2019.08.02"]

1. e4 c5 2. Nf3 e6 3. d4 cxd4 4. Nxd4 Nc6 5. Nc3 Qc7 6. Be3 Nf6 7. Qf3 Nxd4 8.
Bxd4 e5 9. Qg3 d6 10. Bb5+ Bd7 11. Bxd7+ Qxd7 12. Be3 b5 13. O-O b4 14. Nd5
Nxd5 15. exd5 f5 16. Rfe1 g6 17. Qh4 a5 18. a3 Be7 19. Bg5 Bxg5 20. Qxg5 O-O
21. h4 Rac8 22. axb4 axb4 23. h5 Qg7 24. hxg6 Qxg6 25. Qxg6+ hxg6 26. Ra4 Rxc2
27. Rxb4 Rd2 28. Rb5 e4 29. Rc1 Kf7 30. Rc6 Rd8 31. Kf1 Kf6 32. Rc7 Ra8 33. Rc1
Ke5 34. g3 Rxd5 35. Rxd5+ Kxd5 36. Rc7 Rb8 37. Rg7 Rxb2 38. Rxg6 Ke5 39. Rg5
Kf6 40. Rg8 Rb7 41. Ke2 d5 42. Rd8 Ke6 43. Re8+ Re7 44. Rd8 Rd7 45. Re8+ Kf7
46. Rh8 d4 47. g4 f4 48. Rh5 f3+ 49. Kd2 Ke6 50. g5 Kf5 51. g6+ Kxg6 52. Ra5
Kf6 53. Ke1 Rb7 54. Rd5 e3 55. fxe3 dxe3 56. Kd1 Rh7 0-1

[Event "Summer Prague Open 2019 - A"]
[Site "Olympik hotel, Sokolovska 138,"]
[Date "2019.08.05"]
[Round "5"]
[White "Jinsoo, Kim"]
[Black "Sorm, Daniel"]
[Result "0-1"]
[WhiteElo "2112"]
[BlackElo "2282"]
[PlyCount "64"]
[EventDate "2019.08.02"]

1. e4 c5 2. Nf3 Nc6 3. d4 cxd4 4. Nxd4 e5 5. Nb5 d6 6. N1c3 a6 7. Na3 b5 8. Nd5
Nce7 9. c4 Nxd5 10. exd5 bxc4 11. Bxc4 Nf6 12. O-O Be7 13. Nc2 Qc7 14. Qe2 Qb7
15. Ne3 O-O 16. b3 g6 17. f4 exf4 18. Rxf4 Nh5 19. Rf3 f5 20. h3 Qa7 21. Kh2
Re8 22. Nc2 Qd7 23. Qf2 Bf6 24. Nd4 Qg7 25. Bb2 Ra7 26. Rd1 Rae7 27. Ne6 Rxe6
28. dxe6 Bxb2 29. Kg1 Ba3 30. Qe2 Bb7 31. Bxa6 Bxf3 32. Qxf3 Qa7+ 0-1

[Event "Summer Prague Open 2019 - A"]
[Site "Olympik hotel, Sokolovska 138,"]
[Date "2019.08.05"]
[Round "5"]
[White "Slampa, Jan"]
[Black "Flak, Pawel"]
[Result "1/2-1/2"]
[WhiteElo "2245"]
[BlackElo "2198"]
[PlyCount "87"]
[EventDate "2019.08.02"]

1. c4 e6 2. Nc3 d5 3. d4 Nf6 4. cxd5 exd5 5. Bg5 c6 6. Qc2 Be7 7. e3 O-O 8. Bd3
Nbd7 9. Nge2 Re8 10. O-O Nf8 11. f3 Be6 12. Rae1 Rc8 13. e4 h6 14. Bxf6 Bxf6
15. e5 Bh4 16. g3 Be7 17. Qd2 Qd7 18. Nf4 Bf5 19. Rd1 Bxd3 20. Qxd3 Ne6 21.
Nxe6 fxe6 22. Ne2 Rf8 23. Qg6 Rce8 24. Nf4 Bg5 25. Nh3 Bd8 26. Kh1 Qf7 27. Qd3
Qf5 28. Nf4 Qxd3 29. Rxd3 Rf7 30. Kg2 Rf5 31. Ne2 Bb6 32. b4 Rb8 33. Nc3 Rf7
34. Na4 Bd8 35. Rb1 Rc7 36. Ra3 a6 37. Nc5 Kf7 38. Rab3 Be7 39. a4 a5 40. b5
Bxc5 41. dxc5 Kg6 42. b6 Rf7 43. Rd3 Kh7 44. Re1 1/2-1/2

[Event "Summer Prague Open 2019 - A"]
[Site "Olympik hotel, Sokolovska 138,"]
[Date "2019.08.05"]
[Round "5"]
[White "Ahn, Hongjin"]
[Black "Breivik, Lars"]
[Result "1-0"]
[WhiteElo "2238"]
[BlackElo "2158"]
[PlyCount "51"]
[EventDate "2019.08.02"]

1. c4 g6 2. e4 Bg7 3. d4 Nc6 4. Nf3 d6 5. Nc3 Bg4 6. d5 Nd4 7. Be3 c5 8. Be2
Bxf3 9. Bxf3 Nxf3+ 10. Qxf3 Nf6 11. O-O O-O 12. Qe2 a6 13. f4 b5 14. e5 Nd7 15.
cxb5 axb5 16. Qxb5 dxe5 17. f5 Rb8 18. Qe2 c4 19. Rad1 Qa5 20. d6 exd6 21. Rxd6
Nb6 22. f6 Bh6 23. Kh1 Bxe3 24. Qxe3 Kh8 25. Qh6 Rg8 26. Ne4 1-0

[Event "Summer Prague Open 2019 - A"]
[Site "Olympik hotel, Sokolovska 138,"]
[Date "2019.08.05"]
[Round "5"]
[White "Doric, Nenad"]
[Black "Srinivasa Rao, M."]
[Result "1-0"]
[WhiteElo "2275"]
[BlackElo "2090"]
[PlyCount "103"]
[EventDate "2019.08.02"]

1. e4 c5 2. Nf3 d6 3. Bb5+ Bd7 4. Bxd7+ Qxd7 5. c4 Nc6 6. d4 cxd4 7. Nxd4 Nf6
8. Nc3 Qg4 9. Qxg4 Nxg4 10. Nxc6 bxc6 11. Bf4 g5 12. Bxg5 Bg7 13. Ke2 Bd4 14.
Rhd1 Bxc3 15. bxc3 c5 16. Bf4 Rg8 17. Rab1 O-O-O 18. Rb5 Nf6 19. Kf3 Nd7 20.
Ra5 Kb7 21. Rb1+ Ka8 22. Rb3 Rb8 23. e5 dxe5 24. Be3 Rxb3 25. axb3 e4+ 26. Kxe4
Rxg2 27. Ra1 Kb7 28. h3 Rg6 29. Rd1 Kc6 30. Ra1 Kb7 31. Rd1 Kc6 32. b4 a6 33.
b5+ Kc7 34. Ra1 Re6+ 35. Kf5 axb5 36. Ra7+ Kc8 37. cxb5 c4 38. b6 Re5+ 39. Kf4
Rb5 40. Ke4 e6 41. Rc7+ Kd8 42. Rxc4 Nxb6 43. Rb4 f5+ 44. Kd3 Rxb4 45. cxb4 Nd5
46. Kc4 Kc7 47. b5 h5 48. Kc5 Kd7 49. Bd4 Nf4 50. b6 Nd3+ 51. Kc4 Nf4 52. b7
1-0

[Event "Summer Prague Open 2019 - A"]
[Site "Olympik hotel, Sokolovska 138,"]
[Date "2019.08.05"]
[Round "5"]
[White "Ptacek, Lubos"]
[Black "Hrdina, Robin"]
[Result "0-1"]
[WhiteElo "2101"]
[BlackElo "2229"]
[PlyCount "74"]
[EventDate "2019.08.02"]

1. e4 c5 2. Nf3 e6 3. d4 cxd4 4. Nxd4 a6 5. Be2 Nf6 6. Nc3 Qc7 7. Bd2 Nc6 8.
Nxc6 bxc6 9. O-O d5 10. exd5 cxd5 11. Bf3 Bd6 12. h3 O-O 13. Re1 Rb8 14. Rb1
Bb7 15. Be3 Qc6 16. Bd4 Nd7 17. Qd2 Qc7 18. Be3 Ne5 19. Be2 Rbd8 20. Bd3 Nxd3
21. Qxd3 d4 22. Bxd4 Bh2+ 23. Kh1 e5 24. Kxh2 exd4+ 25. Qg3 Qxg3+ 26. Kxg3 dxc3
27. bxc3 Rd7 28. Rb6 Rc7 29. Re3 g6 30. c4 a5 31. Re5 a4 32. Ra5 Be4 33. Rxa4
Bxc2 34. Rab4 Rfc8 35. Rb8 Rxb8 36. Rxb8+ Kg7 37. Rb4 Bd3 0-1

[Event "Summer Prague Open 2019 - A"]
[Site "Olympik hotel, Sokolovska 138,"]
[Date "2019.08.05"]
[Round "5"]
[White "Pribylova, Sofie"]
[Black "Jedlicka, Ales"]
[Result "0-1"]
[WhiteElo "1985"]
[BlackElo "2227"]
[Annotator "Stanice"]
[PlyCount "108"]
[EventDate "2019.08.02"]

1. d4 Nf6 2. Nf3 g6 3. c4 Bg7 4. Nc3 O-O 5. e4 d6 6. Be2 e5 7. d5 a5 8. Bg5 h6
9. Be3 Na6 10. Nd2 Nh7 11. O-O f5 12. f3 Nf6 13. Rb1 Nc5 14. b3 g5 15. a3 g4
16. fxg4 Nxg4 17. Bxg4 fxg4 18. Rxf8+ Qxf8 19. Nf1 Bd7 20. b4 axb4 21. axb4 Na4
22. Nxa4 Rxa4 23. Qd2 Kh7 24. Ng3 Qe8 25. Nf5 Bxf5 26. exf5 e4 27. f6 Bxf6 28.
Bxh6 Qe5 29. Be3 Ra1 30. Rxa1 Qxa1+ 31. Qc1 $11 Qa2 32. b5 Qe2 33. Bf2 Bg5 34.
Qf1 Qd3 35. Qxd3 exd3 36. Kf1 Kg6 37. Bd4 Kf5 38. b6 cxb6 39. Bxb6 Ke4 40. Kf2
Bh4+ 41. Kf1 Bf6 42. Ke1 Bd4 43. Ba5 Be5 44. Bb6 Bxh2 45. Kd2 Bf4+ 46. Kc3 Be3
47. Bd8 Bd4+ 48. Kd2 Bc5 49. Kc3 Ke3 50. g3 Ke2 51. Bg5 Be3 52. Bxe3 Kxe3 53.
c5 dxc5 54. d6 d2 0-1

[Event "Summer Prague Open 2019 - A"]
[Site "Olympik hotel, Sokolovska 138,"]
[Date "2019.08.05"]
[Round "5"]
[White "Soural, Jan"]
[Black "Shehzad, Shazil"]
[Result "1/2-1/2"]
[WhiteElo "2206"]
[BlackElo "2130"]
[PlyCount "60"]
[EventDate "2019.08.02"]

1. Nf3 d5 2. g3 c6 3. Bg2 Bg4 4. d3 e6 5. O-O Bd6 6. c4 Nd7 7. cxd5 exd5 8. e4
Ngf6 9. Nc3 dxe4 10. dxe4 Ne5 11. Bf4 Qe7 12. h3 Nxf3+ 13. Bxf3 Bxf4 14. hxg4
Be5 15. Qb3 O-O-O 16. Rac1 Kb8 17. Na4 Ka8 18. Rfd1 Rxd1+ 19. Rxd1 g5 20. Qe3
h5 21. Qxg5 hxg4 22. Bg2 Rg8 23. Qd2 Rh8 24. Qa5 Kb8 25. Qc5 Qe6 26. b4 Bc7 27.
Qc2 Qe5 28. Qc5 Qe8 29. Qd4 Qe7 30. Qc5 Qe8 1/2-1/2

[Event "Summer Prague Open 2019 - A"]
[Site "Olympik hotel, Sokolovska 138,"]
[Date "2019.08.05"]
[Round "5"]
[White "Paulus, Vaclav"]
[Black "Molkanov, Oleg"]
[Result "1-0"]
[WhiteElo "1963"]
[BlackElo "2185"]
[PlyCount "63"]
[EventDate "2019.08.02"]

1. d4 f5 2. Bf4 Nf6 3. e3 d6 4. Nc3 g6 5. h4 Bg7 6. h5 Nxh5 7. Rxh5 gxh5 8.
Qxh5+ Kf8 9. Nf3 Qe8 10. Qh2 c6 11. Bd3 Na6 12. O-O-O Nb4 13. Bc4 b5 14. Bb3 a5
15. a4 bxa4 16. Nxa4 Nd5 17. Re1 Ra7 18. e4 Nxf4 19. Qxf4 Qg6 20. Kb1 Bh6 21.
Qh4 fxe4 22. Rxe4 Bf5 23. Re1 Rb7 24. g4 Be4 25. Rxe4 Qxe4 26. Qxh6+ Ke8 27.
Ng5 Qxd4 28. Qe6 Rb8 29. Qf7+ Kd7 30. Qf5+ Ke8 31. Bf7+ Kf8 32. Ne6# 1-0

[Event "Summer Prague Open 2019 - B"]
[Site "Olympik hotel, Sokolovska 138,"]
[Date "2019.08.05"]
[Round "5"]
[White "Atnilov, Boris"]
[Black "Mars, Fiona"]
[Result "1-0"]
[WhiteElo "2053"]
[BlackElo "1842"]
[PlyCount "39"]
[EventDate "2019.08.02"]

1. e4 g6 2. d4 Bg7 3. Nc3 c5 4. Nf3 cxd4 5. Nxd4 Nc6 6. Be3 d6 7. Qd2 Nf6 8. f3
O-O 9. O-O-O Bd7 10. g4 Rc8 11. h4 h5 12. gxh5 Nxh5 13. Rg1 Ne5 14. Kb1 Nc4 15.
Bxc4 Rxc4 16. Rg5 Kh8 17. Rdg1 Qb6 18. Nb3 Qd8 19. Rxh5+ gxh5 20. Qd5 1-0